[Event "Titled Tue 24th Jun Early"]
[Site "chess.com INT"]
[Date "2025.06.24"]
[Round "3"]
[White "Nicot, Valentin"]
[Black "Sanhueza, Cristian"]
[Result "0-1"]
[WhiteTitle "CM"]
[BlackTitle "FM"]
[WhiteElo "2206"]
[BlackElo "2213"]
[WhiteFideId "651002477"]
[BlackFideId "116815"]
[EventDate "2025.06.24"]

1. d4 Nf6 2. c4 g6 3. Nc3 Bg7 4. e4 d6 5. Be2 O-O 6. Nf3 e5 7. d5 a5 8. O-O Na6
9. Qc2 Nc5 10. Rb1 Nfxe4 11. Nxe4 Nxe4 12. Qxe4 Bf5 13. Bg5 Bxe4 14. Bxd8 Bxb1
15. Bxc7 Bxa2 16. Bxd6 Rfe8 17. Ra1 Bb3 18. Nd2 a4 19. h4 e4 20. Ba3 e3 21. Nf3
exf2+ 22. Kxf2 Rxe2+ 23. Kxe2 Bxc4+ 24. Kf2 Bxd5 25. Rd1 Bc6 26. Nd4 Rd8 27. Bc5
Rd5 28. Bb6 h5 29. Ke2 Re5+ 30. Kf2 Bd5 31. Nf3 Bxf3 32. gxf3 Rb5 33. Rd8+ Kh7
34. Be3 Rxb2+ 35. Kg3 a3 36. Ra8 a2 0-1

[Event "Titled Tue 24th Jun Early"]
[Site "chess.com INT"]
[Date "2025.06.24"]
[Round "3"]
[White "Yatskar, Martin"]
[Black "Mafra, Kaiser Luiz"]
[Result "1-0"]
[WhiteTitle "CM"]
[BlackTitle "CM"]
[WhiteElo "2225"]
[BlackElo "2076"]
[WhiteFideId "34109676"]
[BlackFideId "2106698"]
[EventDate "2025.06.24"]

1. d4 Nf6 2. c4 g6 3. Nf3 Bg7 4. Nc3 O-O 5. h4 d6 6. e4 c5 7. d5 Bg4 8. Be2 b5
9. cxb5 a6 10. a4 axb5 11. Bxb5 Na6 12. O-O Nb4 13. Ra3 Qc8 14. Be2 Rd8 15. Re1
e6 16. Bf4 Nh5 17. Bg5 Rd7 18. dxe6 fxe6 19. Bb5 Rf7 20. Qxd6 Nc2 21. Raa1 Nxa1
22. Rxa1 Bxf3 23. gxf3 Rxf3 24. Bd7 Qf8 25. Bxe6+ Kh8 26. Qxf8+ Raxf8 27. a5 Bd4
28. Nd1 Kg7 29. Be3 Bxe3 30. Nxe3 Rxf2 31. a6 Re2 32. Ng4 Rxe4 33. Bd7 Rd4 34.
Ne5 Rff4 35. a7 Ra4 36. Rxa4 Rxa4 37. Bxa4 Kf6 1-0

[Event "Titled Tue 24th Jun Early"]
[Site "chess.com INT"]
[Date "2025.06.24"]
[Round "3"]
[White "Mariano, Fabian Glen"]
[Black "Viskelis, Darius"]
[Result "0-1"]
[WhiteTitle "FM"]
[BlackTitle "FM"]
[WhiteElo "2401"]
[BlackElo "2170"]
[WhiteFideId "7129041"]
[BlackFideId "12800830"]
[EventDate "2025.06.24"]

1. e4 e5 2. Nf3 Nf6 3. Nxe5 d6 4. Nc4 Nxe4 5. Qe2 Qe7 6. Ne3 c6 7. g3 d5 8. Bg2
d4 9. Nc4 Be6 10. O-O Nf6 11. d3 Nbd7 12. Nbd2 O-O-O 13. b4 Bxc4 14. Qxe7 Bxe7
15. Nxc4 Bxb4 16. Rb1 Bc5 17. Bf4 Nb6 18. Ne5 Rhf8 19. Bh3+ Nbd7 20. Rb3 h6 21.
Rfb1 Bb6 22. Nc4 Nd5 23. a4 Nxf4 24. gxf4 Kb8 25. a5 Nc5 26. R3b2 Bc7 0-1

[Event "Titled Tue 24th Jun Early"]
[Site "chess.com INT"]
[Date "2025.06.24"]
[Round "3"]
[White "Dudzinski, Piotr"]
[Black "Svane, Rasmus"]
[Result "1-0"]
[WhiteTitle "FM"]
[BlackTitle "GM"]
[WhiteElo "2335"]
[BlackElo "2626"]
[WhiteFideId "1119362"]
[BlackFideId "4657101"]
[EventDate "2025.06.24"]

1. e4 c6 2. d4 d5 3. exd5 cxd5 4. Nf3 Nc6 5. Bd3 Bg4 6. c3 e6 7. O-O Bd6 8. Nbd2
Nge7 9. Re1 Qc7 10. Nf1 Bh5 11. Ng3 Bg6 12. Be3 O-O 13. Bf1 Rae8 14. Rc1 Kh8 15.
c4 Bb4 16. Bd2 Bxd2 17. Qxd2 dxc4 18. Bxc4 Rd8 19. Qe3 Qb6 20. h4 h6 21. Ne5
Qxd4 22. Nxg6+ Nxg6 23. h5 Qxe3 24. Rxe3 Nge7 25. Be2 Rd2 26. Rb3 b6 27. Bf1 Nd4
28. Ra3 a5 29. Rd3 Rxd3 30. Bxd3 Rc8 31. Rd1 Rd8 32. Rc1 Nd5 33. Be4 Nf6 34. Bb7
Kg8 35. Rc7 Kf8 36. Ba6 Rd7 37. Rc8+ Ke7 38. Rb8 Nd5 39. Bc4 Nc6 40. Rg8 Kf6 41.
Ne4+ Ke5 42. Nd2 f5 43. Bb5 Nf6 44. Nc4+ Kf4 45. g3+ Kf3 46. Bxc6+ 1-0

[Event "Titled Tue 24th Jun Early"]
[Site "chess.com INT"]
[Date "2025.06.24"]
[Round "3"]
[White "Boci, Mateu"]
[Black "Aadya, Gupta"]
[Result "1-0"]
[WhiteTitle "FM"]
[BlackTitle "WFM"]
[WhiteElo "2274"]
[BlackElo "1923"]
[WhiteFideId "4704665"]
[BlackFideId "25778293"]
[EventDate "2025.06.24"]

1. e4 e5 2. Nf3 Nc6 3. Bc4 Bc5 4. c3 Nf6 5. d3 a6 6. a4 d6 7. O-O h6 8. Be3 Ba7
9. Nbd2 O-O 10. h3 d5 11. exd5 Nxd5 12. Bxa7 Rxa7 13. Re1 Re8 14. b4 Bf5 15. Qb3
Be6 16. Nxe5 Nxe5 17. Rxe5 c6 18. Rae1 Rf8 19. Nf3 b5 20. axb5 axb5 21. Bxd5
Bxd5 22. Qd1 Ra3 23. Nd4 Rxc3 24. Qa1 Rxd3 25. Nf5 Qf6 26. Qb1 Rb3 27. Qc1 Rxb4
28. Qc5 Rc4 29. Qxf8+ Kh7 30. Ne7 1-0

[Event "Titled Tue 24th Jun Early"]
[Site "chess.com INT"]
[Date "2025.06.24"]
[Round "3"]
[White "Veiga, Jose Francisco R P Neves"]
[Black "Vandan Alankar Sawai"]
[Result "1/2-1/2"]
[WhiteTitle "IM"]
[BlackTitle "CM"]
[WhiteElo "2390"]
[BlackElo "1955"]
[WhiteFideId "1930087"]
[BlackFideId "25973096"]
[EventDate "2025.06.24"]

1. e4 e5 2. Nf3 Nc6 3. Bb5 a6 4. Ba4 Nf6 5. O-O Bc5 6. c3 b5 7. Bc2 d5 8. exd5
Qxd5 9. Re1 O-O 10. d3 h6 11. Nbd2 Bf5 12. Ne4 Be7 13. Qe2 Rad8 14. Bd2 Bh7 15.
Rad1 Nxe4 16. dxe4 Qxa2 17. Be3 Qe6 18. Ra1 Nb8 19. Kh1 Rfe8 20. Rg1 Bf8 21. g4
Qc6 22. Bc1 Nd7 23. g5 h5 24. g6 Bxg6 25. Nh4 Bh7 26. Qxh5 Nf6 27. Qe2 Nxe4 28.
f3 Nf6 29. Bxh7+ Kxh7 30. Nf5 e4 31. Qg2 exf3 32. Qh3+ Kg8 33. Nh6+ Kh7 34. Nf5+
Kg8 35. Nh6+ Kh7 36. Nf5+ 1/2-1/2

[Event "Titled Tue 24th Jun Early"]
[Site "chess.com INT"]
[Date "2025.06.24"]
[Round "3"]
[White "Dehtiarov, Roman"]
[Black "Bluebaum, Matthias"]
[Result "0-1"]
[WhiteTitle "FM"]
[BlackTitle "GM"]
[WhiteElo "2416"]
[BlackElo "2663"]
[WhiteFideId "14186640"]
[BlackFideId "24651516"]
[EventDate "2025.06.24"]

1. e4 e6 2. d4 d5 3. Nc3 Nf6 4. e5 Nfd7 5. Nce2 c5 6. c3 Nc6 7. f4 Be7 8. Nf3
Qb6 9. g3 cxd4 10. Nexd4 Nc5 11. Bg2 O-O 12. O-O f6 13. exf6 Bxf6 14. Be3 Ne4
15. Qe2 Qc7 16. Rad1 Bd7 17. Nb5 Qa5 18. c4 Qxa2 19. cxd5 exd5 20. Nc7 Nc3 21.
Qf2 Nxd1 22. Rxd1 Rad8 23. Nxd5 Be6 24. Nxf6+ gxf6 25. Rxd8 Rxd8 26. h3 Qb1+ 27.
Kh2 Bd5 28. Nd2 Qc2 29. Bxd5+ Rxd5 30. Qe2 Qd3 31. Qg4+ Kf7 32. Qf3 Ne7 33. Ne4
Qc2+ 34. Nf2 Qxb2 35. Qe4 f5 36. Qc4 Qa3 37. Bd4 b5 0-1

[Event "Titled Tue 24th Jun Early"]
[Site "chess.com INT"]
[Date "2025.06.24"]
[Round "3"]
[White "Krzesaj, Robert"]
[Black "Kozak, Adam"]
[Result "0-1"]
[WhiteTitle "FM"]
[BlackTitle "GM"]
[WhiteElo "2391"]
[BlackElo "2587"]
[WhiteFideId "1123521"]
[BlackFideId "753246"]
[EventDate "2025.06.24"]

1. d4 h6 2. c4 a6 3. g3 b5 4. Bg2 Ra7 5. c5 Bb7 6. e4 Nf6 7. d5 e6 8. Ne2 Bxc5
9. O-O O-O 10. a3 a5 11. Nbc3 b4 12. Na4 Bd6 13. Be3 Ra8 14. Nd4 exd5 15. Nf5
dxe4 16. Nxd6 cxd6 17. Qxd6 Bc6 18. Nb6 Ra6 19. Nc4 Bd5 20. Nb6 Bc6 21. Qd4 Ng4
22. Nd5 Bxd5 23. Qxd5 Nxe3 24. fxe3 Re6 25. Bxe4 Qb6 26. Bg2 Qxe3+ 27. Kh1 Qb6
28. axb4 axb4 29. Ra8 Rf6 30. Re1 Rd6 31. Qf5 Re6 32. Rd1 Nc6 33. Rxf8+ Kxf8 34.
Bd5 Ne7 35. Qf3 Nxd5 36. Rxd5 Qc6 37. Kg2 g6 38. Kh3 h5 39. Qd3 d6 40. Qd4 Kg8
41. Ra5 Qc8 42. Kh4 Re5 43. Ra7 g5+ 0-1

[Event "Titled Tue 24th Jun Early"]
[Site "chess.com INT"]
[Date "2025.06.24"]
[Round "3"]
[White "Otsuka, Shou"]
[Black "Nusrat Jahan, Alo"]
[Result "0-1"]
[WhiteTitle "FM"]
[BlackTitle "WCM"]
[WhiteElo "2362"]
[BlackElo "1795"]
[WhiteFideId "7004702"]
[BlackFideId "10226826"]
[EventDate "2025.06.24"]

1. e4 c5 2. Nf3 e6 3. c3 d5 4. exd5 exd5 5. d4 cxd4 6. Nxd4 Nf6 7. Bb5+ Bd7 8.
O-O a6 9. Bxd7+ Qxd7 10. Re1+ Be7 11. Nd2 O-O 12. N2f3 Nc6 13. Nxc6 bxc6 14. Ne5
Qc7 15. Bg5 h6 16. Bh4 Rfe8 17. Qf3 Rad8 18. Re2 Rd6 19. Rae1 Re6 20. h3 Bd8 21.
Bg3 Qb7 22. b3 Ne4 23. Ng4 Ng5 24. Qd3 Ne4 25. Nh2 Bf6 26. c4 Bc3 27. Rc1 Bf6
28. Ng4 Bg5 29. Rce1 f5 30. f4 Bf6 31. Nxf6+ Rxf6 32. cxd5 cxd5 0-1

[Event "Titled Tue 24th Jun Early"]
[Site "chess.com INT"]
[Date "2025.06.24"]
[Round "3"]
[White "King, Alexander"]
[Black "Alonso Rosell, Alvar"]
[Result "0-1"]
[WhiteTitle "FM"]
[BlackTitle "GM"]
[WhiteElo "2263"]
[BlackElo "2536"]
[WhiteFideId "2063620"]
[BlackFideId "2270544"]
[EventDate "2025.06.24"]

1. Nf3 Nf6 2. g3 c5 3. Bg2 Nc6 4. O-O d6 5. c4 g6 6. d4 cxd4 7. Nxd4 Bd7 8. Nc3
Bg7 9. b3 h5 10. h4 Ng4 11. e3 O-O 12. Bb2 a6 13. Nd5 Nge5 14. Rc1 Rb8 15. a4
Bg4 16. f3 Bd7 17. Qd2 Na5 18. Bc3 Nac6 19. a5 Re8 20. Nb6 Bc8 21. Rfd1 Nd7 22.
Nxc8 Rxc8 23. f4 Nf6 24. Bf3 Qd7 25. Kg2 e5 26. Nxc6 e4 27. Nd4 exf3+ 28. Nxf3
Ne4 29. Qd3 Bxc3 30. Rxc3 Qg4 31. Qxe4 Rxe4 32. Rxd6 Rce8 33. Rdd3 R4e7 34. b4
Rd7 35. Ne5 Rxe5 36. Rxd7 Qxd7 37. fxe5 Qd2+ 0-1

[Event "Titled Tue 24th Jun Early"]
[Site "chess.com INT"]
[Date "2025.06.24"]
[Round "3"]
[White "Aghaei, Alireza"]
[Black "Ilinca, Felix-Antonio"]
[Result "0-1"]
[WhiteTitle "CM"]
[BlackTitle "IM"]
[WhiteElo "2204"]
[BlackElo "2431"]
[WhiteFideId "12509914"]
[BlackFideId "54764998"]
[EventDate "2025.06.24"]

1. d4 Nf6 2. Bg5 c5 3. Bxf6 gxf6 4. d5 Qb6 5. Qc1 f5 6. c4 Qh6 7. e3 d6 8. Nc3
e5 9. Bd3 Rg8 10. g3 e4 11. Bf1 Nd7 12. Nb5 Kd8 13. Be2 Ne5 14. h4 a6 15. Nc3
Bd7 16. a4 Bg7 17. Nh3 Bf6 18. Qc2 Ke7 19. Nf4 Qf8 20. Ra3 Qd8 21. Rb3 Rb8 22.
Qd2 Kf8 23. Kf1 h6 24. Nh5 Be7 25. Nf4 Ng4 26. Bxg4 Rxg4 27. Ra3 Qb6 28. Ke2 Qb4
29. Kf1 Qxc4+ 30. Kg2 Qb4 31. Qc2 Bf6 32. a5 Be5 33. Nfe2 Ke7 34. Rha1 c4 35. b3
Rc8 36. Qb2 Rc7 37. R1a2 Rg8 38. bxc4 Qxc4 39. Qb3 Rgc8 40. Qxc4 Rxc4 41. Nd1
Bb5 42. Nf4 Rc1 43. Nb2 Re1 0-1

[Event "Titled Tue 24th Jun Early"]
[Site "chess.com INT"]
[Date "2025.06.24"]
[Round "3"]
[White "Romany, Joy"]
[Black "Goldin, Roman"]
[Result "0-1"]
[WhiteTitle "WIM"]
[BlackTitle "FM"]
[WhiteElo "1960"]
[BlackElo "2299"]
[WhiteFideId "10656820"]
[BlackFideId "2803860"]
[EventDate "2025.06.24"]

1. d4 Nf6 2. c4 Nc6 3. d5 Ne5 4. e3 e6 5. Nc3 Bb4 6. Nf3 Nxf3+ 7. Qxf3 d6 8. Bd2
O-O 9. Be2 e5 10. O-O Ng4 11. Qg3 Bxc3 12. Bxc3 Nh6 13. e4 f5 14. f4 fxe4 15.
fxe5 Nf5 16. Qe1 dxe5 17. Bxe5 Qe7 18. Bc3 Bd7 19. Bg4 Qc5+ 20. Kh1 Rae8 21.
Bxf5 Rxf5 22. Rxf5 Bxf5 23. Qg3 Re7 24. Rf1 Bg6 25. b3 a5 26. h4 e3 27. h5 Bxh5
28. Re1 e2 29. Qh4 Bg6 30. Bd4 Qd6 31. c5 Qd7 32. d6 cxd6 33. cxd6 Re4 34. Qf2
Qxd6 35. Bc5 Qf6 36. Qg3 Qf1+ 37. Kh2 Qf5 0-1

[Event "Titled Tue 24th Jun Early"]
[Site "chess.com INT"]
[Date "2025.06.24"]
[Round "3"]
[White "Nakara Husain"]
[Black "Weetik, Vjacheslav"]
[Result "0-1"]
[BlackTitle "FM"]
[WhiteElo "1713"]
[BlackElo "2423"]
[WhiteFideId "25636111"]
[BlackFideId "4153472"]
[EventDate "2025.06.24"]

1. e4 c5 2. c3 e6 3. d4 d5 4. exd5 exd5 5. Nf3 Nf6 6. Be3 cxd4 7. Nxd4 Bd6 8.
Be2 O-O 9. O-O Re8 10. Nd2 Nc6 11. Bf3 Ne5 12. Be2 a6 13. Qb3 Neg4 14. Bg5 Bxh2+
15. Kh1 Qd6 16. Bxg4 Nxg4 17. Qa4 Bd7 18. Qd1 Bg1 19. f4 Bxd4 20. cxd4 Ne3 21.
Qf3 Nxf1 22. Rxf1 Bf5 23. Qb3 Re2 24. Nf3 f6 25. Bh4 Qd7 26. Bg3 Be4 27. Ng1
Bxg2+ 28. Kh2 Bxf1+ 29. Nxe2 Qh3+ 30. Kg1 Qg2# 0-1

[Event "Titled Tue 24th Jun Early"]
[Site "chess.com INT"]
[Date "2025.06.24"]
[Round "3"]
[White "Beniosev, Daniel"]
[Black "Van Baar, Esper"]
[Result "1-0"]
[WhiteTitle "CM"]
[BlackTitle "FM"]
[WhiteElo "1959"]
[BlackElo "2232"]
[WhiteFideId "11632674"]
[BlackFideId "1049321"]
[EventDate "2025.06.24"]

1. e4 c5 2. Nc3 a6 3. a4 e6 4. g3 Nc6 5. Bg2 g6 6. d3 Bg7 7. Be3 b6 8. Qd2 Bb7
9. Nge2 Nd4 10. O-O Ne7 11. Rad1 O-O 12. f4 d5 13. b4 cxb4 14. Bxd4 Bxd4+ 15.
Nxd4 bxc3 16. Qxc3 Rc8 17. Qb2 Qc7 18. Rb1 dxe4 19. dxe4 Nc6 20. Nxc6 Bxc6 21.
Qa3 b5 22. axb5 Bxb5 23. Rf2 Rfd8 24. h4 h5 25. f5 exf5 26. exf5 Qc3 27. Rb3
Qe1+ 28. Bf1 Rd1 29. Rbf3 Ra1 30. Qb3 Bc6 31. fxg6 Be8 32. gxf7+ 1-0

[Event "Titled Tue 24th Jun Early"]
[Site "chess.com INT"]
[Date "2025.06.24"]
[Round "3"]
[White "Weisz, Bryan"]
[Black "Rogov, Matfey"]
[Result "0-1"]
[BlackTitle "FM"]
[WhiteElo "2059"]
[BlackElo "2348"]
[WhiteFideId "30934133"]
[BlackFideId "44191308"]
[EventDate "2025.06.24"]

1. c4 Nf6 2. Nc3 e5 3. e4 Bc5 4. Nf3 d6 5. Be2 Nc6 6. O-O Bg4 7. d3 Qd7 8. Bg5
Ng8 9. Be3 Nge7 10. Bxc5 dxc5 11. Nd5 Bxf3 12. Bxf3 Nxd5 13. cxd5 Nd4 14. Bg4
Qd6 15. Qa4+ b5 16. Qa5 h5 17. Bd1 h4 18. h3 O-O 19. a4 b4 20. Rc1 f5 21. Qxc5
Qg6 22. Qxc7 Rae8 23. d6 fxe4 24. d7 Rd8 25. Qxe5 Nf3+ 26. Bxf3 exf3 27. g4 hxg3
28. Qxg3 Qf5 29. Rc4 Rxd7 30. Rxb4 Qxd3 31. Rg4 Qxf1+ 32. Kh2 Qg2+ 33. Qxg2 fxg2
34. Kxg2 Rd2 0-1

[Event "Titled Tue 24th Jun Early"]
[Site "chess.com INT"]
[Date "2025.06.24"]
[Round "3"]
[White "Li, Yilin"]
[Black "Herman, Daniel"]
[Result "1-0"]
[WhiteTitle "WFM"]
[WhiteElo "1922"]
[BlackElo "1920"]
[WhiteFideId "8610410"]
[BlackFideId "30935008"]
[EventDate "2025.06.24"]

1. e4 Nf6 2. e5 Nd5 3. c4 Nb6 4. d4 d6 5. f4 dxe5 6. fxe5 Bf5 7. Nc3 e6 8. Nf3
Bb4 9. Bd3 Bxd3 10. Qxd3 c5 11. a3 Bxc3+ 12. bxc3 Nc6 13. O-O h6 14. Be3 O-O 15.
Rad1 Na5 16. Nd2 Rc8 17. Rc1 Qd7 18. Ne4 cxd4 19. Bxh6 f5 20. exf6 gxh6 21. f7+
Rxf7 22. Nf6+ Rxf6 23. Rxf6 Qh7 24. Qg3+ Kh8 25. Rcf1 Nd7 26. Rf7 1-0

[Event "Titled Tue 24th Jun Early"]
[Site "chess.com INT"]
[Date "2025.06.24"]
[Round "3"]
[White "Radchenko, Alexey"]
[Black "Verbova, Elena"]
[Result "0-1"]
[WhiteTitle "FM"]
[BlackTitle "WFM"]
[WhiteElo "2290"]
[BlackElo "2033"]
[WhiteFideId "4192362"]
[BlackFideId "14203677"]
[EventDate "2025.06.24"]

1. d4 e6 2. e4 d5 3. Nd2 h6 4. e5 c5 5. c3 Nc6 6. Ngf3 Bd7 7. a3 Qb6 8. Nb3 cxd4
9. cxd4 a5 10. Be3 a4 11. Nc5 Bxc5 12. dxc5 Qxb2 13. Be2 Qc3+ 14. Bd2 Qxc5 15.
O-O Nge7 16. Be3 Qa5 17. Rb1 Qc7 18. Bb6 Qb8 19. Bb5 O-O 20. Bc5 Re8 21. Bd6 Qa7
22. Qc2 Rac8 23. Qd3 Nf5 24. Rfc1 Nxd6 25. exd6 Qb8 26. Bxa4 Qxd6 27. Rxb7 Ne5
28. Rxc8 Nxd3 29. Rxe8+ Bxe8 30. Bxe8 Qc5 31. Bxf7+ Kh7 32. h3 Qxf2+ 33. Kh2 Nf4
34. Nh4 Qxh4 35. Rb2 Qf6 36. Rf2 Qxf7 37. g3 e5 38. gxf4 e4 39. a4 e3 40. Ra2
Qxf4+ 41. Kg2 Qe4+ 42. Kf1 Qh1+ 43. Ke2 Qg2+ 44. Kxe3 Qxa2 45. Kd4 Qxa4+ 46. Ke5
Qh4 47. Kd6 Qxh3 48. Kc5 Qg4 49. Kd6 d4 50. Kc5 d3 51. Kb5 d2 52. Ka6 d1=Q 53.
Ka5 Qb1 54. Ka6 Qa4# 0-1

[Event "Titled Tue 24th Jun Early"]
[Site "chess.com INT"]
[Date "2025.06.24"]
[Round "3"]
[White "Esipenko, Andrey"]
[Black "Krsnik Cohar, Ivan Vihor"]
[Result "1-0"]
[WhiteTitle "GM"]
[BlackTitle "FM"]
[WhiteElo "2689"]
[BlackElo "2362"]
[WhiteFideId "24175439"]
[BlackFideId "14520044"]
[EventDate "2025.06.24"]

1. d4 d5 2. Nf3 Bf5 3. c4 e6 4. Nc3 c6 5. Qb3 Qb6 6. c5 Qc7 7. Bf4 Qc8 8. Nh4
Bg4 9. f3 Bh5 10. g4 Be7 11. Bg3 Bg6 12. e4 Nd7 13. O-O-O dxe4 14. Nxg6 hxg6 15.
Nxe4 Ngf6 16. Nd6+ Bxd6 17. Bxd6 Nd5 18. Kb1 N7f6 19. h4 Qd7 20. Bd3 b5 21. Rde1
a5 22. Qd1 Nb4 23. Be4 a4 24. a3 Nbd5 25. g5 Ng8 26. Bxd5 cxd5 27. f4 Ne7 28. h5
gxh5 29. Rxh5 Rg8 30. Qd3 g6 31. Rh7 Nf5 32. Be5 Ra7 33. c6 Qxc6 34. Rc1 Qd7 35.
Rc5 Rb7 36. Qc2 Ne7 37. Rh3 Rf8 38. Rhc3 1-0

[Event "Titled Tue 24th Jun Early"]
[Site "chess.com INT"]
[Date "2025.06.24"]
[Round "3"]
[White "Srihari, L R"]
[Black "Swara Lakshmi S Nair"]
[Result "1-0"]
[WhiteTitle "IM"]
[BlackTitle "WCM"]
[WhiteElo "2480"]
[BlackElo "2187"]
[WhiteFideId "46617116"]
[BlackFideId "25629239"]
[EventDate "2025.06.24"]

1. e4 c5 2. Nf3 Nc6 3. Bc4 e6 4. O-O Nf6 5. Re1 Be7 6. e5 Nd5 7. Bxd5 exd5 8.
Nc3 d4 9. Nd5 O-O 10. d3 d6 11. Nxe7+ Qxe7 12. Bg5 Qc7 13. exd6 Qxd6 14. Nd2 Bf5
15. Qf3 Qg6 16. Bf4 Rfe8 17. a3 h5 18. h3 Rad8 19. Nc4 b5 20. Rxe8+ Rxe8 21. Nd6
Ne5 22. Qd5 Re6 23. Bxe5 Bxh3 24. Bg3 h4 25. Bh2 Qg4 26. Kh1 Bxg2+ 27. Qxg2 Qe2
28. Rg1 Rg6 29. Qa8+ Kh7 30. Rxg6 fxg6 31. Qg2 Qd1+ 32. Bg1 Qxc2 33. Ne4 Qxd3
34. Nxc5 Qf5 35. Ne4 h3 36. Ng5+ 1-0

[Event "Titled Tue 24th Jun Early"]
[Site "chess.com INT"]
[Date "2025.06.24"]
[Round "3"]
[White "Wu, Jayden"]
[Black "Essing, Arnold"]
[Result "0-1"]
[BlackTitle "FM"]
[WhiteElo "2061"]
[BlackElo "2197"]
[WhiteFideId "30972558"]
[BlackFideId "4619862"]
[EventDate "2025.06.24"]

1. e4 Nf6 2. e5 Nd5 3. d4 d6 4. Nf3 g6 5. c4 Nb6 6. Nc3 Bg7 7. exd6 cxd6 8. Be3
O-O 9. Be2 d5 10. c5 Nc4 11. Bxc4 dxc4 12. Qe2 Bg4 13. h3 Bxf3 14. Qxf3 Nc6 15.
Rd1 e5 16. d5 Nd4 17. Bxd4 exd4 18. Ne2 d3 19. Nc3 Re8+ 20. Kf1 Rc8 21. c6 bxc6
22. dxc6 Qd6 23. g3 Qxc6 24. Qxc6 Rxc6 25. Kg2 Bxc3 26. bxc3 Re2 27. Rhe1 Rxa2
28. Ra1 Rca6 29. Rxa2 Rxa2 30. Re4 d2 31. Rd4 Rc2 32. h4 a5 33. Kf3 Rxc3+ 34.
Ke2 Rd3 35. Rxd3 cxd3+ 36. Kxd2 Kg7 37. Kxd3 Kf6 38. Kc3 Ke5 39. Kb3 Ke4 40. Ka4
Kf3 41. Kxa5 Kxf2 42. Kb5 Kxg3 43. Kc5 Kxh4 44. Kd5 f5 45. Ke5 Kg3 0-1

[Event "Titled Tue 24th Jun Early"]
[Site "chess.com INT"]
[Date "2025.06.24"]
[Round "3"]
[White "Alonso Orta, Osiel Alberto"]
[Black "Przybylski, Bartosz"]
[Result "0-1"]
[WhiteTitle "FM"]
[BlackTitle "CM"]
[WhiteElo "2280"]
[BlackElo "2101"]
[WhiteFideId "3531279"]
[BlackFideId "21878323"]
[EventDate "2025.06.24"]

1. e4 Nc6 2. Nf3 e6 3. d4 d5 4. Nc3 Nf6 5. e5 Nd7 6. Ne2 f6 7. exf6 Qxf6 8. Bg5
Qf7 9. Bf4 Bd6 10. g3 O-O 11. Bg2 h6 12. h4 b6 13. Qd2 Ba6 14. c3 Rae8 15. O-O-O
Bxe2 16. Qxe2 Bxf4+ 17. gxf4 Qxf4+ 18. Kb1 Qe4+ 19. Qxe4 dxe4 20. Nd2 Rxf2 21.
Bxe4 Ne7 22. Rhg1 Ref8 23. Nc4 Nd5 24. Rde1 b5 25. Ne3 N7f6 26. Nxd5 exd5 27.
Bd3 Rh2 28. Bxb5 Rb8 29. a4 a6 30. Bxa6 Rbxb2+ 31. Ka1 Ne4 32. Bd3 Ra2+ 33. Kb1
Nxc3+ 34. Kc1 Ra1+ 0-1

[Event "Titled Tue 24th Jun Early"]
[Site "chess.com INT"]
[Date "2025.06.24"]
[Round "3"]
[White "Donoso Aguirre, Maximiliano"]
[Black "Babayeva, Nasrin"]
[Result "1-0"]
[WhiteTitle "CM"]
[BlackTitle "WFM"]
[WhiteElo "2050"]
[BlackElo "1936"]
[WhiteFideId "3458920"]
[BlackFideId "13416626"]
[EventDate "2025.06.24"]

1. e4 e5 2. Nf3 Nc6 3. Bc4 Nf6 4. d3 Be7 5. Nc3 O-O 6. O-O d6 7. a4 Be6 8. Nd5
Na5 9. Ba2 Nc6 10. Nxe7+ Qxe7 11. Bg5 Bxa2 12. Rxa2 Qe6 13. Ra3 Rad8 14. Re1 d5
15. exd5 Rxd5 16. Qe2 Re8 17. Rb3 b6 18. Rb5 a6 19. Rxd5 Nxd5 20. Qe4 f5 21. Qc4
h6 22. Bd2 a5 23. Bc3 e4 24. dxe4 fxe4 25. Nd4 Nxd4 26. Qxd4 Nxc3 27. Qxc3 Qd6
28. h3 Re6 29. Qc4 Kf8 30. Rxe4 Qd1+ 31. Kh2 Qd6+ 32. g3 Rf6 33. Kg2 Qd2 34. Re2
Qd7 35. Qe4 Rf7 36. Qa8+ 1-0

[Event "Titled Tue 24th Jun Early"]
[Site "chess.com INT"]
[Date "2025.06.24"]
[Round "3"]
[White "Ambartsumova, Karina"]
[Black "Shankland, Sam"]
[Result "0-1"]
[WhiteTitle "IM"]
[BlackTitle "GM"]
[WhiteElo "2403"]
[BlackElo "2666"]
[WhiteFideId "4166299"]
[BlackFideId "2004887"]
[EventDate "2025.06.24"]

1. Nf3 d5 2. c4 c6 3. e3 Nf6 4. Nc3 g6 5. d4 Bg7 6. Be2 O-O 7. O-O a6 8. h3 e6
9. Qc2 Nbd7 10. e4 dxe4 11. Nxe4 Nxe4 12. Qxe4 c5 13. Rd1 cxd4 14. Nxd4 Qc7 15.
Qc2 Nf6 16. Be3 Bd7 17. Rac1 Rac8 18. Nb3 Bc6 19. Nc5 a5 20. b3 b6 21. Nd3 Ne4
22. Bf1 Rfd8 23. Re1 Bd4 24. Qe2 Nc5 25. Nxc5 bxc5 26. Bh6 Qg3 27. Be3 Qh4 28.
Bxd4 Rxd4 29. Red1 Rcd8 30. Qe1 Qf4 31. Rxd4 Rxd4 32. Rd1 Qc7 33. Rxd4 cxd4 34.
Qd2 e5 35. f3 Kg7 36. Bd3 f5 37. Qe2 Qd6 38. Kh1 Kf6 39. Qf2 h5 40. Qh4+ Kg7 41.
Qg5 e4 42. c5 Qf6 43. Qxf6+ Kxf6 44. Be2 d3 0-1

[Event "Titled Tue 24th Jun Early"]
[Site "chess.com INT"]
[Date "2025.06.24"]
[Round "3"]
[White "Lesueur, Gabriel"]
[Black "Saya, Ethan"]
[Result "1-0"]
[WhiteTitle "FM"]
[BlackTitle "FM"]
[WhiteElo "2278"]
[BlackElo "2262"]
[WhiteFideId "45186359"]
[BlackFideId "26095181"]
[EventDate "2025.06.24"]

1. d4 d5 2. Nf3 Nf6 3. e3 c6 4. Bd3 Bg4 5. O-O Nbd7 6. h3 Bxf3 7. Qxf3 e5 8. Qd1
e4 9. Be2 Bd6 10. c4 O-O 11. Nc3 Re8 12. Qb3 Nf8 13. Qxb7 Rc8 14. cxd5 cxd5 15.
Bd2 Bb8 16. Rac1 Ng6 17. Nb5 Rxc1 18. Rxc1 Nh4 19. Bb4 a5 20. Ba3 h5 21. Na7
Bxa7 22. Qxa7 g6 23. Rc7 Rf8 24. Be7 Qb8 25. Qxb8 Rxb8 26. Bxf6 Nf5 27. b3 a4
28. bxa4 Kh7 29. Bb5 Kh6 30. g4 hxg4 31. hxg4 Nd6 32. Rd7 Nxb5 33. axb5 1-0